INORGANIC CHEMISTRY (Record no. 10041)

MARC details
000 -LEADER
fixed length control field 00309nam a22001457a 4500
003 - CONTROL NUMBER IDENTIFIER
control field SGT
082 ## - DEWEY DECIMAL CLASSIFICATION NUMBER
Classification number KHE,546
100 ## - MAIN ENTRY--PERSONAL NAME
Personal name KHERA, H.C.
245 ## - TITLE STATEMENT
Title INORGANIC CHEMISTRY
250 ## - EDITION STATEMENT
Edition statement 3RD
260 ## - PUBLICATION, DISTRIBUTION, ETC. (IMPRINT)
Place of publication, distribution, etc NEW DELHI
Name of publisher, distributor, etc PRGATI PRAKASHAN MEERUT
Year of Publication 2016
300 ## - PAGE DESCRIPTION
No. of Pages 210
650 ## - SUBJECT ADDED ENTRY--TOPICAL TERM
Topical term or geographic name as entry element CHEMITRY
942 ## - ADDED ENTRY ELEMENTS (KOHA)
Source of classification or shelving scheme Dewey Decimal Classification
Koha item type FPS Books
942 ## - ADDED ENTRY ELEMENTS (KOHA)
-- 4
Holdings
Withdrawn status Lost status Source of classification or shelving scheme Damaged status Not for loan Collection code Home library Current library Shelving location Date acquired Vendor Name Cost, normal purchase price SGTU Bill Number Total Checkouts Full call number Accession No. (Barcode) Date last seen Date last borrowed Bill Date Koha item type
    Dewey Decimal Classification     SCIENCE SGT Science & Social Sciences Library SGT Science & Social Sciences Library Text Book 25/11/2016 PRAGATI PRAKASHAN 190.00 SGTU 7099 25 KHE,546 PS2695 20/10/2023 19/10/2023 26/09/2016 FPS Books
    Dewey Decimal Classification     SCIENCE SGT Science & Social Sciences Library SGT Science & Social Sciences Library Text Book 25/11/2016 PRAGATI PRAKASHAN 190.00 SGTU 7099 21 KHE,546 PS2696 25/02/2021 27/02/2020 26/09/2016 FPS Books
    Dewey Decimal Classification     SCIENCE SGT Science & Social Sciences Library SGT Science & Social Sciences Library Text Book 25/11/2016 PRAGATI PRAKASHAN 190.00 SGTU 7099 23 KHE,546 PS2697 04/12/2023 15/11/2023 26/09/2016 FPS Books
    Dewey Decimal Classification     SCIENCE SGT Science & Social Sciences Library SGT Science & Social Sciences Library Text Book 25/11/2016 PRAGATI PRAKASHAN 190.00 SGTU 7099 2 KHE,546 PS2698 15/02/2023 06/02/2023 26/09/2016 FPS Books